Fauna de la región de Campo Capote (Registro nro. 8324)

Detalles MARC
000 -CABECERA
Campo de control 01434nam a22003377a 4500
005 - FECHA Y HORA DE LA ULTIMA TRANSACCION
Campo de control 20180803165542.0
008 - ELEMENTOS DE LONGITUD FIJA—INFORMACION GENERAL
Campo de control 140331s2010 ck ao gr|||| |||10 spa d
020 ## - ISBN
ISBN 9789587195286
041 0# - IDIOMA
Código de idioma para texto/pista de sonido o título separado Español
044 ## - PAÍS DE PUBLICACIÓN
País de publicación Colombia
082 04 - NUMERO DE CLASIFICACION DECIMAL DEWEY
Número de clasificación 590.7234
Número del ítem N124f
110 2# - ASIENTO PRINCIPAL--NOMBRE CORPORATIVO
Nombre corporativo o de jurisdicción como elemento de entrada Universidad Nacional de Colombia
Unidad subordinad Facultad de Ciencias
-- Instituto de Ciencias Naturales
245 10 - MENCION DE TITULO
Título Fauna de la región de Campo Capote
Parte restante del título (Puerto Parra, Santander)
Mención de responsabilidad Universidad Nacional, Carolina Medellín, J. Avendaño, C. Saramientio, Ángela R. Amarillo S., M. Gonzalo Andrade-C., Nancy C. Rojas, Gary Stiles H., Y. Muñoz-S., J. Avendaño, Herón Romero
260 3# - PUBLICACION, DISTRIBUCION, ETC. (PIE DE IMPRENTA)
Lugar de publicación, distribución, etc. Bogotá
Nombre del editor, distribuidor, etc. Universidad Nacional de Colombia
Fecha de publicación, distribución, etc. 2010
300 ## - DESCRIPCION FISICA
Extensión 146 p.
Otros detalles físicos il., fot.
Dimensiones 22 cm
504 ## - NOTA DE BIBLIOGRAFIA, ETC.
Nota de bibliografía Incluye bibliografía (páginas 139 - 146)
650 #4 - ASIENTO SECUNDARIO DE MATERIA - TERMINO TEMATICO
Término temático o nombre geográfico como elemento de entrada Fauna
Subdivisión geográfica Santander (Colombia)
Subdivisión de forma Guía de campo
650 #4 - ASIENTO SECUNDARIO DE MATERIA - TERMINO TEMATICO
Término temático o nombre geográfico como elemento de entrada Animales
Subdivisión general Fichas técnicas
Subdivisión geográfica Santander (Colombia)
Subdivisión de forma Guía de campo
700 1# - ASIENTO SECUNDARIO - NOMBRE PERSONAL
Nombre personal Sarmiento Monroy, Carlos Eduardo
Término de relación ed.
700 1# - ASIENTO SECUNDARIO - NOMBRE PERSONAL
Nombre personal Medellín, Carolina
700 1# - ASIENTO SECUNDARIO - NOMBRE PERSONAL
Nombre personal Avendaño, J.
700 1# - ASIENTO SECUNDARIO - NOMBRE PERSONAL
Nombre personal Saramientio, C.
700 1# - ASIENTO SECUNDARIO - NOMBRE PERSONAL
Nombre personal Amarillo S., Ángela R.
700 1# - ASIENTO SECUNDARIO - NOMBRE PERSONAL
Nombre personal Gonzalo Andrade-C., M.
700 1# - ASIENTO SECUNDARIO - NOMBRE PERSONAL
Nombre personal Rojas, Nancy C.
700 1# - ASIENTO SECUNDARIO - NOMBRE PERSONAL
Nombre personal Stiles H., Gary
700 1# - ASIENTO SECUNDARIO - NOMBRE PERSONAL
Nombre personal Muñoz-S., Y.
700 1# - ASIENTO SECUNDARIO - NOMBRE PERSONAL
Nombre personal Avendaño, J.
700 1# - ASIENTO SECUNDARIO - NOMBRE PERSONAL
Nombre personal Romero, Herón
942 ## - ELEMENTOS ADICIONALES (KOHA)
Sistema de clasificación Dewey Decimal Classification
Tipo de ítem Impreso
Existencias
Withdrawn status Lost status Sistema de Clasificación Damaged status No para préstamo Colección Inventariado Ubicación Permanente Ubicación actual Fecha de adquisición Fuente de Valor Valor Total Checkouts Número topográfico Inventario / Código de Barras Date last seen Ejemplar Price effective from Forma de adquisición Tipo de material
    Dewey Decimal Classification     General Inventariado 2017 Bogotá Bogotá 31/03/2014 Instituto 39000.00   LB-590.7234 N124f 034190 31/03/2014 Ej. 1 31/03/2014   Libro
    Dewey Decimal Classification     General Inventariado 2017 Sala Fabio Quevedo Sala Fabio Quevedo 01/04/2014 Instituto 39000.00   LB-590.7234 N124f 034189 01/04/2014 Ej. 2 01/04/2014   Libro